साकेत समीक्षा (Record no. 1058)
[ view plain ]
| 000 -LEADER | |
|---|---|
| fixed length control field | 00956 a2200205 4500 |
| 005 - DATE AND TIME OF LATEST TRANSACTION | |
| control field | 20080904101341.0 |
| 008 - FIXED-LENGTH DATA ELEMENTS--GENERAL INFORMATION | |
| fixed length control field | 080904t xxu||||| |||| 00| 0 hin d |
| 010 ## - LIBRARY OF CONGRESS CONTROL NUMBER | |
| LC control number | HIN-78949 |
| 020 ## - INTERNATIONAL STANDARD BOOK NUMBER | |
| International Standard Book Number | 8188570192 |
| Terms of availability | 175.00 |
| 035 ## - SYSTEM CONTROL NUMBER | |
| System control number | HN-51296 |
| 037 ## - SOURCE OF ACQUISITION | |
| Source of stock number/acquisition | D.B.Act / pub |
| 082 ## - DEWEY DECIMAL CLASSIFICATION NUMBER | |
| Classification number | 821.08 |
| 100 ## - MAIN ENTRY--PERSONAL NAME | |
| Personal name | मिश्रा, ऋचा |
| 245 ## - TITLE STATEMENT | |
| Title | साकेत समीक्षा |
| Statement of responsibility, etc | ऋचा मिश्रा |
| 260 ## - PUBLICATION, DISTRIBUTION, ETC. (IMPRINT) | |
| Place of publication, distribution, etc | कानपुर |
| Name of publisher, distributor, etc | विकास प्रकाशन |
| Date of publication, distribution, etc | 2005 |
| 270 ## - ADDRESS | |
| Address | 311 सी, विश्व बैंक बर्रा |
| City | कानपुर |
| 300 ## - PHYSICAL DESCRIPTION | |
| Extent | 120पृ. |
| Dimensions | 22 सेमी (सजिल्द) |
| 942 ## - ADDED ENTRY ELEMENTS (KOHA) | |
| Institution code [OBSOLETE] | dpl |
| Koha item type | Hindi Books |
| Call number prefix | 821.08 / मिश्राऋ |
| Source of classification or shelving scheme | Dewey Decimal Classification |
| Classification part | 821.08 |
| Call number suffix | मिश्राऋ |
| Withdrawn status | Lost status | Damaged status | Not for loan | Collection code | Home library | Current library | Date acquired | Cost, normal purchase price | Total Checkouts | Full call number | Barcode | Date last seen | Copy number | Uniform Resource Identifier | Cost, replacement price | Price effective from | Koha item type |
|---|---|---|---|---|---|---|---|---|---|---|---|---|---|---|---|---|---|
| Not For Loan | Non-fiction | D.B.Act.Division | D.B.Act.Division | 04/09/2008 | 175.00 | 821.08 मिश्राऋ | HN-51296 | 15/09/2008 | 1 | 1123 | 175.00 | 15/09/2008 | Hindi Books |
